[Event "Baleares-chT"]
[Site "Palma de Mallorca"]
[Date "2022.03.05"]
[Round "7.2"]
[White "Castell Cantero, Salvador"]
[Black "Barcelo Pujadas, Pedro Jose"]
[Result "1-0"]
[WhiteElo "2247"]
[BlackElo "2195"]
[PlyCount "93"]
[EventDate "2022.01.22"]
[EventType "team-tourn"]
[EventRounds "7"]
[EventCountry "ESP"]
[SourceTitle "EXT 2023"]
[Source "ChessBase"]
[SourceDate "2022.10.05"]
[SourceVersion "1"]
[SourceVersionDate "2022.10.05"]
[SourceQuality "1"]
[WhiteTeam "Agora Megaescacs"]
[BlackTeam "Can Tiu Sa Dragonera"]
[WhiteTeamCountry "ESP"]
[BlackTeamCountry "ESP"]

1. e4 e6 2. d4 d5 3. Bd3 dxe4 4. Bxe4 Nf6 5. Bf3 c5 6. Ne2 Nc6 7. Be3 cxd4 8. Nxd4 Nxd4 9. Bxd4 Be7 10. 0-0 0-0 11. Nc3 Qa5 12. Qe2 Rd8 13. Rfd1 Rd7 14. a3 Qd8 15. Qe3 Nd5 16. Nxd5 exd5 17. Bxa7 Bg5 18. Qb6 Qxb6 19. Bxb6 Ra6 20. Bc5 Bf6 21. c3 b6 22. Bd4 Be7 23. Re1 Kf8 24. Bg4 Rd8 25. Bxc8 Rxc8 26. Bxg7+ Kxg7 27. Rxe7 d4 28. cxd4 Rc2 29. Kf1 Rxb2 30. Re2 Rb5 31. Rd2 Rb3 32. Ke2 Rbxa3 33. Rxa3 Rxa3 34. Rb2 Ra6 35. Ke3 Kf6 36. Ke4 Ke6 37. g4 Kd6 38. Rb5 Kc6 39. Rh5 Ra7 40. f4 b5 41. Rh6+ Kb7 42. Rf6 Kc8 43. Rb6 Rb7 44. Rxb7 Kxb7 45. Kd5 Kb6 46. h3 Ka5 47. Kc5 1-0

[Event "Mallorca-chT Preferente"]
[Site "Mallorca"]
[Date "2016.03.12"]
[Round "5.3"]
[White "Damians Janes, Jordi"]
[Black "Barcelo Pujadas, Pedro Jose"]
[Result "1-0"]
[WhiteElo "2062"]
[BlackElo "2193"]
[PlyCount "107"]
[EventDate "2016.03.01"]
[EventType "team-tourn"]
[EventRounds "9"]
[EventCountry "ESP"]
[SourceTitle "EXT 2024"]
[Source "ChessBase"]
[SourceDate "2023.10.10"]
[SourceVersion "1"]
[SourceVersionDate "2023.10.10"]
[SourceQuality "1"]
[WhiteTeam "La Balanguera"]
[BlackTeam "Can Tiu Alaro Dragonera"]
[WhiteTeamCountry "ESP"]
[BlackTeamCountry "ESP"]

1. e4 e6 2. d4 d5 3. e5 c5 4. c3 Qb6 5. Nf3 Bd7 6. Be2 Nc6 7. 0-0 Rc8 8. dxc5 Bxc5 9. b4 Be7 10. a4 Nh6 11. Bxh6 gxh6 12. Qd2 Bf8 13. Na3 Bg7 14. a5 Qd8 15. Nb5 0-0 16. Qe3 a6 17. Nd6 Rb8 18. Rab1 f6 19. exf6 Qxf6 20. Qb6 e5 21. Nxb7 e4 22. Ne1 Qxc3 23. Bxa6 Bd4 24. Qc7 Rxf2 25. Rxf2 Qe3 26. Qg3+ Qxg3 27. hxg3 Rf8 28. Rbb2 Nxb4 29. Bf1 Nc6 30. Bb5 Nxa5 31. Bxd7 Nxb7 32. Be6+ Kh8 33. Bxd5 Nd6 34. Kf1 Bxf2 35. Rxf2 Rc8 36. Rf6 Rd8 37. Re6 Kg7 38. Bxe4 Nxe4 39. Rxe4 Rd2 40. Re2 Rd5 41. Kf2 Rh5 42. Kf3 Rb5 43. Nd3 Rb3 44. Re3 Rb1 45. Nf4 Rb5 46. Re7+ Kg8 47. Kg4 Rg5+ 48. Kh4 Rf5 49. Rd7 Rc5 50. Rd6 Ra5 51. Rxh6 Kg7 52. Rd6 Rb5 53. Rd7+ Kh6 54. g4 1-0

[Event "Baleares-chT"]
[Site "Ibiza"]
[Date "2012.05.11"]
[Round "2.2"]
[White "Barcelo Pujadas, Pedro Jose"]
[Black "Bordes Ibanez, Juan Bautista"]
[Result "1/2-1/2"]
[WhiteElo "2207"]
[BlackElo "1981"]
[PlyCount "40"]
[EventDate "2012.05.10"]
[EventType "team-swiss"]
[EventRounds "5"]
[EventCountry "ESP"]
[SourceTitle "EXT 2014"]
[Source "ChessBase"]
[SourceDate "2013.11.20"]
[SourceVersion "1"]
[SourceVersionDate "2013.11.20"]
[SourceQuality "1"]

1. Nf3 Nf6 2. c4 c5 3. g3 Nc6 4. Bg2 g6 5. 0-0 Bg7 6. Nc3 0-0 7. d4 d6 8. d5 Na5 9. Nd2 a6 10. Qc2 Rb8 11. a4 Bd7 12. h3 b5 13. axb5 axb5 14. cxb5 Bxb5 15. Re1 Nd7 16. e4 Qc7 17. Ra3 c4 18. Bf1 Ne5 19. Nxb5 Rxb5 20. Kg2 Rc5 1/2-1/2

[Event "ESP-ch Autonomicas"]
[Site "Gijon"]
[Date "2011.05.02"]
[Round "6.2"]
[White "Franco Alonso, Alejandro"]
[Black "Barcelo Pujadas, Pedro Jose"]
[Result "1-0"]
[WhiteElo "2489"]
[BlackElo "2257"]
[PlyCount "113"]
[EventDate "2011.04.29"]
[EventType "team-swiss"]
[EventRounds "6"]
[EventCountry "ESP"]
[SourceTitle "CBM 142 Extra"]
[Source "ChessBase"]
[SourceDate "2011.06.27"]
[SourceVersion "1"]
[SourceVersionDate "2011.06.27"]
[SourceQuality "1"]
[WhiteTeam "Pais Vasco"]
[BlackTeam "Baleares"]
[WhiteTeamCountry "ESP"]
[BlackTeamCountry "ESP"]

1. Nf3 Nf6 2. c4 e6 3. g3 d5 4. d4 Be7 5. Bg2 0-0 6. 0-0 Nbd7 7. Qc2 c6 8. Nbd2 b6 9. e4 Bb7 10. e5 Ne8 11. cxd5 cxd5 12. Re1 Rc8 13. Qd3 Nc7 14. Nf1 Ba6 15. Qd1 b5 16. h4 Na8 17. Ng5 Bb4 18. Re3 h6 19. Nh3 Qc7 20. Qg4 Qxc1 21. Rxc1 Rxc1 22. Nf4 Bd2 23. Nxe6 fxe6 24. Qxe6+ Kh8 25. Re2 Nc7 26. Qxd7 Bb4 27. Qg4 Bc8 28. e6 Rf6 29. Re3 Bxe6 30. Qe2 Be1 31. Qxe1 Rxe1 32. Rxe1 Kg8 33. Ne3 Bf7 34. Rc1 Ne8 35. Nxd5 Rd6 36. Rc5 a6 37. a3 Kf8 38. f4 Bxd5 39. Rxd5 Rxd5 40. Bxd5 Nd6 41. b4 Nf5 42. Bb7 Nxg3 43. Bxa6 Ne2+ 44. Kf2 Nxd4 45. Ke3 Nc2+ 46. Ke4 Nxa3 47. Kd5 Ke7 48. Kc5 Kf6 49. Bxb5 Kf5 50. h5 Kxf4 51. Bd3 Ke5 52. Bg6 Kf6 53. b5 Nxb5 54. Kxb5 Ke7 55. Kc5 Kf8 56. Kd6 Kg8 57. Ke7 1-0

[Event "ESP-ch Autonomicas"]
[Site "Gijon"]
[Date "2011.04.30"]
[Round "3.2"]
[White "Barcelo Pujadas, Pedro Jose"]
[Black "Anton Guijarro, David"]
[Result "0-1"]
[WhiteElo "2257"]
[BlackElo "2425"]
[PlyCount "98"]
[EventDate "2011.04.29"]
[EventType "team-swiss"]
[EventRounds "6"]
[EventCountry "ESP"]
[SourceTitle "CBM 142 Extra"]
[Source "ChessBase"]
[SourceDate "2011.06.27"]
[SourceVersion "1"]
[SourceVersionDate "2011.06.27"]
[SourceQuality "1"]
[WhiteTeam "Baleares"]
[BlackTeam "Madrid"]
[WhiteTeamCountry "ESP"]
[BlackTeamCountry "ESP"]

1. Nf3 Nf6 2. c4 g6 3. g3 Bg7 4. Bg2 0-0 5. 0-0 Re8 6. d4 d6 7. Nc3 Nbd7 8. h3 e5 9. e4 a6 10. Re1 Rb8 11. a4 a5 12. Be3 exd4 13. Nxd4 Ne5 14. b3 Nc6 15. Ndb5 Be6 16. Rc1 Qd7 17. Kh2 Nb4 18. Nd5 Na6 19. Bd4 Qd8 20. Ndxc7 Nxc7 21. Bb6 Rc8 22. Nxc7 Rxc7 23. e5 Nd7 24. Bxc7 Qxc7 25. exd6 Qb6 26. c5 Nxc5 27. Bd5 Rd8 28. Bxe6 Nxe6 29. Qf3 Rxd6 30. Rc8+ Bf8 31. Qf6 Qd4 32. Qxd4 Rxd4 33. Re5 Rb4 34. Rxa5 Rxb3 35. Rd5 Kg7 36. a5 Rb2 37. Kg2 Be7 38. Rb8 Bc5 39. Kh1 Ba7 40. Ra8 Bxf2 41. Rd3 Bc5 42. h4 h5 43. Rb8 Rb5 44. Rd7 Rxa5 45. Rbxb7 Ra1+ 46. Kg2 Ra2+ 47. Kf1 Rf2+ 48. Ke1 Rf5 49. Rd3 Bf2+ 0-1

[Event "Calvia Amateur op 6th"]
[Site "Calvia"]
[Date "2009.10.17"]
[Round "8"]
[White "Barcelo Pujadas, Pedro Jose"]
[Black "Elenius, Erik"]
[Result "1-0"]
[WhiteElo "2249"]
[BlackElo "2121"]
[PlyCount "63"]
[EventDate "2009.10.10"]
[EventType "swiss"]
[EventRounds "9"]
[EventCountry "ESP"]
[SourceTitle "CBM 132 Extra"]
[Source "ChessBase"]
[SourceDate "2009.11.03"]
[SourceVersion "1"]
[SourceVersionDate "2009.11.03"]
[SourceQuality "1"]

1. Nf3 Nf6 2. c4 g6 3. g3 Bg7 4. Bg2 0-0 5. 0-0 d6 6. d4 Nbd7 7. Nc3 e5 8. e4 c6 9. h3 Qb6 10. c5 dxc5 11. dxe5 Ne8 12. e6 fxe6 13. Ng5 Ne5 14. f4 c4+ 15. Kh2 Nd3 16. e5 Nc7 17. Qe2 Nd5 18. h4 Bd7 19. Nce4 h6 20. Nf3 Qd8 21. Nd6 b5 22. b3 Nxc1 23. Raxc1 cxb3 24. axb3 a5 25. Qe4 Ne7 26. Rfd1 Ra7 27. Nd4 Nf5 28. Nxc6 Nxd6 29. Rxd6 Bxc6 30. Rcxc6 Rd7 31. Qxg6 Rxd6 32. Rxd6 1-0

[Event "Calvia Amateur op 6th"]
[Site "Calvia"]
[Date "2009.10.16"]
[Round "7"]
[White "Lind, Jan Olov"]
[Black "Barcelo Pujadas, Pedro Jose"]
[Result "1-0"]
[WhiteElo "2189"]
[BlackElo "2249"]
[PlyCount "147"]
[EventDate "2009.10.10"]
[EventType "swiss"]
[EventRounds "9"]
[EventCountry "ESP"]
[SourceTitle "CBM 132 Extra"]
[Source "ChessBase"]
[SourceDate "2009.11.03"]
[SourceVersion "1"]
[SourceVersionDate "2009.11.03"]
[SourceQuality "1"]

1. e4 e6 2. Nf3 d5 3. Nc3 Nf6 4. e5 Nfd7 5. d4 c5 6. dxc5 Nc6 7. Bf4 Be7 8. h4 Nxc5 9. Bd3 a6 10. a3 b5 11. Rh3 h6 12. Kf1 Bb7 13. Kg1 Qc7 14. Rg3 g6 15. Qd2 0-0-0 16. Re1 Bf8 17. b4 Nd7 18. Nxd5 exd5 19. e6 Bd6 20. Bxd6 Qxd6 21. exd7+ Kxd7 22. c3 Rhe8 23. Rxe8 Rxe8 24. Qxh6 d4 25. Qg7 dxc3 26. Qxc3 Ne5 27. Nxe5+ Qxe5 28. Qxe5 Rxe5 29. Re3 Rh5 30. g3 Kd6 31. Kf1 Rh8 32. Ke2 Bc6 33. Kd2 Bd5 34. Re1 Rc8 35. Re3 Rh8 36. Be2 f5 37. f4 Be4 38. Rc3 Bc6 39. Rd3+ Kc7 40. Rd4 Re8 41. Bd3 Bf3 42. Bf1 Be4 43. Be2 Re6 44. Bd1 Re7 45. Kc3 Bc6 46. Kd2 Be4 47. a4 Bc6 48. axb5 axb5 49. Rd3 Re4 50. Kc3 Rc4+ 51. Kb3 Rc1 52. Bc2 Rg1 53. Re3 Bd5+ 54. Kc3 Bc4 55. h5 gxh5 56. Bxf5 Kd6 57. Bd3 Bxd3 58. Rxd3+ Kc6 59. Rf3 Kd5 60. Re3 h4 61. gxh4 Rg4 62. Rh3 Rxf4 63. h5 Rc4+ 64. Kb3 Rc7 65. h6 Rh7 66. Rh4 Ke5 67. Kc3 Rc7+ 68. Kd3 Rd7+ 69. Ke3 Rh7 70. Rh5+ Kf6 71. Kd4 Kg6 72. Rh1 Rd7+ 73. Kc5 Kh7 74. Kxb5 1-0

[Event "Calvia Amateur op 6th"]
[Site "Calvia"]
[Date "2009.10.14"]
[Round "5"]
[White "Tart, Peter K"]
[Black "Barcelo Pujadas, Pedro Jose"]
[Result "0-1"]
[WhiteElo "2078"]
[BlackElo "2249"]
[PlyCount "48"]
[EventDate "2009.10.10"]
[EventType "swiss"]
[EventRounds "9"]
[EventCountry "ESP"]
[SourceTitle "CBM 132 Extra"]
[Source "ChessBase"]
[SourceDate "2009.11.03"]
[SourceVersion "1"]
[SourceVersionDate "2009.11.03"]
[SourceQuality "1"]

1. e4 e6 2. d4 d5 3. c4 dxe4 4. Nc3 Nf6 5. Be3 Nbd7 6. Nge2 b6 7. Qc2 Bb7 8. Ng3 Bb4 9. Be2 0-0 10. 0-0 Bxc3 11. bxc3 c5 12. f3 exf3 13. gxf3 Qc7 14. Rf2 cxd4 15. cxd4 Nd5 16. Qd2 Nxe3 17. Qxe3 e5 18. Nf5 exd4 19. Qxd4 Qe5 20. Qxd7 Qxa1+ 21. Rf1 Qe5 22. Rf2 Bc8 23. Ne7+ Kh8 24. Qc6 Bh3 0-1

[Event "ESP-ch 74th"]
[Site "Palma de Mallorca"]
[Date "2009.09.26"]
[Round "1"]
[White "Zhou, Tai Long"]
[Black "Barcelo Pujadas, Pedro Jose"]
[Result "0-1"]
[WhiteElo "1818"]
[BlackElo "2249"]
[PlyCount "96"]
[EventDate "2009.09.26"]
[EventType "swiss"]
[EventRounds "9"]
[EventCountry "ESP"]
[SourceTitle "CBM 132 Extra"]
[Source "ChessBase"]
[SourceDate "2009.11.03"]
[SourceVersion "1"]
[SourceVersionDate "2009.11.03"]
[SourceQuality "1"]

1. e4 e6 2. d4 d5 3. e5 c5 4. c3 Qb6 5. Nf3 Bd7 6. a3 a5 7. Bd3 Bb5 8. 0-0 Bxd3 9. Qxd3 Nc6 10. Nbd2 cxd4 11. cxd4 Nge7 12. Rd1 Nf5 13. Nf1 Be7 14. Ng3 Nxg3 15. hxg3 0-0 16. Bg5 h6 17. Bxe7 Nxe7 18. Nd2 a4 19. b4 axb3 20. Rdb1 b2 21. Ra2 Nc6 22. Nf3 Qa6 23. Qxa6 Rxa6 24. Raxb2 Rxa3 25. Rxb7 Ra4 26. Rd1 Rfa8 27. Rb2 Rc4 28. Kf1 Raa4 29. Rbd2 g5 30. g4 Kg7 31. Ke2 h5 32. Ke3 hxg4 33. Nh2 Nb4 34. Nxg4 Nc2+ 35. Ke2 Nxd4+ 36. Kf1 Nb3 37. Rb2 Rxg4 38. Rxb3 Rge4 39. f3 Rxe5 40. Rd2 g4 41. Kf2 gxf3 42. gxf3 Rh4 43. Kg3 Rh1 44. Rd4 Kf6 45. Ra3 Rg5+ 46. Kf2 Rh2+ 47. Ke3 Re5+ 48. Kf4 Rh4+ 0-1

[Event "Palma de Mallorca op 3rd"]
[Site "Palma de Mallorca"]
[Date "2008.12.14"]
[Round "9"]
[White "Thinius, Marco"]
[Black "Barcelo Pujadas, Pedro Jose"]
[Result "1-0"]
[WhiteElo "2421"]
[BlackElo "2269"]
[PlyCount "131"]
[EventDate "2008.12.06"]
[EventType "swiss"]
[EventRounds "9"]
[EventCountry "ESP"]
[SourceTitle "CBM 127 Extra"]
[Source "ChessBase"]
[SourceDate "2009.01.08"]
[SourceVersion "2"]
[SourceVersionDate "2009.01.28"]
[SourceQuality "1"]

1. e4 e6 2. d4 d5 3. Nc3 Nf6 4. Bg5 dxe4 5. Nxe4 Be7 6. Bxf6 Bxf6 7. Nf3 Bd7 8. Bd3 Bc6 9. c3 Nd7 10. Qe2 Qe7 11. 0-0 0-0 12. Rfe1 Rfe8 13. Qe3 Nf8 14. Nxf6+ gxf6 15. Be4 Bxe4 16. Qxe4 c6 17. Nd2 Ng6 18. Qe3 f5 19. Nc4 Rad8 20. Rad1 Rd5 21. Qf3 Qg5 22. Ne3 Nh4 23. Qh3 Rdd8 24. Nc4 Rd5 25. Rd3 f4 26. Nd2 f5 27. Nf3 Nxf3+ 28. Qxf3 Qg4 29. h3 Qxf3 30. Rxf3 c5 31. dxc5 Rxc5 32. Rxf4 Rd5 33. Re2 Kf7 34. Kh2 Re7 35. g4 Kg6 36. Kg3 Kf6 37. gxf5 Rxf5 38. Rd2 Rxf4 39. Kxf4 Rc7 40. Ke4 Ke7 41. f4 Rc5 42. a4 Ra5 43. b3 Rc5 44. c4 a5 45. Rg2 Kf6 46. h4 b6 47. Rg8 Rc6 48. Rh8 Kg7 49. Ra8 h6 50. h5 Rc5 51. Rb8 Rxh5 52. Rxb6 Rh3 53. Rxe6 Rxb3 54. Ra6 Rb4 55. Rxa5 Rxc4+ 56. Kf5 Rc7 57. Rb5 Rc4 58. a5 Ra4 59. Rb7+ Kf8 60. Rb8+ Ke7 61. Rb7+ Kf8 62. Kg6 Rxa5 63. f5 Ra1 64. Rb8+ Ke7 65. f6+ Ke6 66. Re8+ 1-0

[Event "Calvia Amateur op 5th"]
[Site "Calvia"]
[Date "2008.10.17"]
[Round "8"]
[White "Barcelo Pujadas, Pedro Jose"]
[Black "Scherer, Helmut"]
[Result "1-0"]
[WhiteElo "2269"]
[BlackElo "2299"]
[PlyCount "94"]
[EventDate "2008.10.10"]
[EventType "swiss"]
[EventRounds "9"]
[EventCountry "ESP"]
[SourceTitle "CBM 126 Extra"]
[Source "ChessBase"]
[SourceDate "2008.11.05"]
[SourceVersion "1"]
[SourceVersionDate "2008.11.05"]
[SourceQuality "1"]

1. d4 Nf6 2. Nf3 e6 3. g3 b5 4. Bg2 Bb7 5. 0-0 c5 6. c3 Qb6 7. a4 a6 8. Nbd2 d6 9. Re1 d5 10. Nb3 c4 11. Nbd2 Nbd7 12. e4 dxe4 13. Ng5 Be7 14. Ndxe4 0-0 15. Be3 Bd5 16. Qc2 Qc6 17. Nxf6+ Nxf6 18. Bxd5 Qxd5 19. Bf4 Rfe8 20. Be5 g6 21. Ne4 Nd7 22. Bf4 f5 23. Ng5 e5 24. dxe5 Bxg5 25. Rad1 Qb7 26. e6 Bxf4 27. Rxd7 Qxd7 28. exd7 Rxe1+ 29. Kg2 Bg5 30. f4 Bf6 31. Qd2 Rd8 32. Qxe1 Kf7 33. Qd2 Ke7 34. axb5 axb5 35. Qe3+ Kf7 36. Qa7 b4 37. Qc7 bxc3 38. bxc3 Ke7 39. Qxc4 Rxd7 40. Kf3 Kd6 41. Qa6+ Ke7 42. c4 Bd4 43. Qa3+ Ke6 44. Qf8 Bg1 45. h4 Bd4 46. Qe8+ Kd6 47. h5 Bf6 1-0

[Event "Benidorm op U2300 06th"]
[Site "Benidorm"]
[Date "2007.12.01"]
[Round "2"]
[White "Ferreira Jr, Walter"]
[Black "Barcelo Pujadas, Pedro Jose"]
[Result "1/2-1/2"]
[WhiteElo "2028"]
[BlackElo "2190"]
[PlyCount "44"]
[EventDate "2007.11.30"]
[EventType "swiss"]
[EventRounds "9"]
[EventCountry "ESP"]
[SourceTitle "CBM 121 Extra"]
[Source "ChessBase"]
[SourceDate "2008.01.10"]
[SourceVersion "1"]
[SourceVersionDate "2008.01.10"]
[SourceQuality "1"]

1. e4 e6 2. d4 d5 3. e5 c5 4. c3 Qb6 5. Nf3 Bd7 6. Na3 cxd4 7. cxd4 Bxa3 8. bxa3 Nc6 9. Be2 Qa5+ 10. Bd2 Qxa3 11. Rb1 b6 12. 0-0 Nh6 13. Bxh6 gxh6 14. Qd2 Qf8 15. Rfc1 Qg7 16. Bb5 Na5 17. Qb4 Bxb5 18. Qxb5+ Kd8 19. Qa6 Rg8 20. g3 Nc4 21. Rxc4 dxc4 22. Rxb6 axb6 1/2-1/2

[Event "Calvia Amateur op 4th"]
[Site "Calvia"]
[Date "2007.10.12"]
[Round "7"]
[White "Elenius, Erik"]
[Black "Barcelo Pujadas, Pedro Jose"]
[Result "0-1"]
[WhiteElo "2161"]
[BlackElo "2190"]
[PlyCount "220"]
[EventDate "2007.10.06"]
[EventType "swiss"]
[EventRounds "9"]
[EventCountry "ESP"]
[SourceTitle "CBM 120 Extra"]
[Source "ChessBase"]
[SourceDate "2007.11.01"]
[SourceVersion "1"]
[SourceVersionDate "2007.11.01"]
[SourceQuality "1"]

1. e4 e6 2. d4 d5 3. e5 c5 4. c3 Qb6 5. Nf3 Bd7 6. a3 Bb5 7. c4 dxc4 8. d5 exd5 9. Qxd5 Ne7 10. Qe4 Bc6 11. Qxc4 Bxf3 12. gxf3 Nbc6 13. f4 Nd4 14. Bg2 Qb3 15. Nd2 Qxc4 16. Nxc4 Nc2+ 17. Ke2 Nxa1 18. Nd6+ Kd7 19. Nxf7 Rg8 20. Bxb7 Rb8 21. Be4 g6 22. Rd1+ Kc7 23. e6 Nf5 24. Rd7+ Kb6 25. Ne5 Nb3 26. Be3 Nbd4+ 27. Kd1 Nd6 28. Bd5 Rg7 29. b4 Rxd7 30. Nxd7+ Kc7 31. Nxb8 Kxb8 32. bxc5 N6f5 33. Kd2 Bxc5 34. Kd3 Nxe3 35. fxe3 Nf5 36. e4 Ne7 37. Kc4 Bxa3 38. f5 gxf5 39. exf5 Nxf5 40. Kb3 Bd6 41. Be4 Nd4+ 42. Kc4 Nxe6 43. Bxh7 Bxh2 44. Bf5 Nd8 45. Be4 Kc7 46. Bc2 Kb6 47. Bf5 Nb7 48. Bd7 Bd6 49. Be8 a5 50. Bd7 Bb4 51. Ba4 Nd6+ 52. Kd5 Nb5 53. Kc4 Nc7 54. Bd7 Be7 55. Ba4 Na6 56. Be8 Nb8 57. Kd5 Bf8 58. Ba4 Na6 59. Kc4 Nc5 60. Be8 Bh6 61. Kd5 a4 62. Bxa4 Nxa4 63. Kc4 Kc6 64. Kd4 Nc5 65. Ke5 Be3 66. Kf5 Kd5 67. Kg4 Ke4 68. Kg3 Nd3 69. Kg4 Bf4 70. Kh3 Ne1 71. Kg4 Ng2 72. Kh3 Ne3 73. Kh4 Kf5 74. Kh3 Be5 75. Kh4 Kf4 76. Kh3 Kf3 77. Kh4 Bf4 78. Kh3 Nd1 79. Kh4 Nf2 80. Kh5 Ke4 81. Kg6 Ke5 82. Kf7 Ne4 83. Ke7 Nc5 84. Kd8 Kd6 85. Kc8 Kc6 86. Kd8 Bd6 87. Ke8 Ne4 88. Kf7 Kd7 89. Kg6 Ke6 90. Kh5 Kf5 91. Kh4 Nf2 92. Kh5 Bg3 93. Kh6 Be5 94. Kh5 Bf6 95. Kh6 Ne4 96. Kh5 Ng3+ 97. Kh6 Be5 98. Kh7 Ne4 99. Kh6 Bf6 100. Kh5 Nd6 101. Kh6 Ne8 102. Kh5 Be7 103. Kh6 Bg5+ 104. Kh7 Kf6 105. Kg8 Kg6 106. Kf8 Nd6 107. Kg8 Bh6 108. Kh8 Ne4 109. Kg8 Nf6+ 110. Kh8 Bg7# 0-1

[Event "Calvia Amateur op 4th"]
[Site "Calvia"]
[Date "2007.10.08"]
[Round "3"]
[White "Barcelo Pujadas, Pedro Jose"]
[Black "Roig Squar, Jason"]
[Result "1-0"]
[WhiteElo "2190"]
[BlackElo "2092"]
[PlyCount "69"]
[EventDate "2007.10.06"]
[EventType "swiss"]
[EventRounds "9"]
[EventCountry "ESP"]
[SourceTitle "CBM 120 Extra"]
[Source "ChessBase"]
[SourceDate "2007.11.01"]
[SourceVersion "1"]
[SourceVersionDate "2007.11.01"]
[SourceQuality "1"]

1. Nf3 d5 2. d4 e6 3. c4 Nf6 4. g3 Be7 5. Bg2 0-0 6. 0-0 dxc4 7. Ne5 Nc6 8. Nxc6 bxc6 9. e3 Ba6 10. Bxc6 Rb8 11. Nc3 Nd5 12. Nxd5 exd5 13. Qf3 c3 14. bxc3 Bxf1 15. Kxf1 Qc8 16. Bxd5 Qa6+ 17. Kg2 c6 18. Bxc6 Qc4 19. Bd2 Rb2 20. Bd5 Qd3 21. Be1 Bg5 22. e4 Qxf3+ 23. Kxf3 Rfb8 24. Bb3 Rd8 25. h4 Bd2 26. Bxd2 Rxd2 27. Ke3 Rb2 28. Rd1 Kf8 29. Rd2 Rb1 30. d5 Re1+ 31. Re2 Rc1 32. Kd4 f6 33. f4 Rg1 34. Re3 Rg2 35. c4 1-0

[Event "Calvia op"]
[Site "Calvia"]
[Date "2006.10.17"]
[Round "7.3"]
[White "Barcelo Pujadas, Pedro Jose"]
[Black "Bajt, Indira"]
[Result "1/2-1/2"]
[WhiteElo "2261"]
[BlackElo "2194"]
[PlyCount "90"]
[EventDate "2006.10.11"]
[EventType "swiss"]
[EventRounds "9"]
[EventCountry "ESP"]
[SourceTitle "EXT 2007"]
[Source "ChessBase"]
[SourceDate "2006.11.23"]
[SourceVersion "1"]
[SourceVersionDate "2006.11.23"]
[SourceQuality "1"]

1. Nf3 Nf6 2. c4 g6 3. g3 Bg7 4. Bg2 0-0 5. 0-0 d6 6. d4 Nbd7 7. Nc3 e5 8. Qc2 Re8 9. Rd1 exd4 10. Nxd4 a5 11. b3 Nc5 12. Bb2 Qe7 13. Rac1 c6 14. e4 Bg4 15. f3 Bh6 16. Rb1 Be3+ 17. Kh1 Bd7 18. a3 Nh5 19. Nce2 Bh6 20. b4 axb4 21. axb4 Na6 22. Qb3 Bg7 23. Nc2 Be6 24. Bxg7 Nxg7 25. Qc3 Rad8 26. Nf4 Bc8 27. Ne3 h5 28. h4 Qe5 29. Qxe5 dxe5 30. Nd3 Nc7 31. f4 exf4 32. Nxf4 Nge6 33. Nxe6 Bxe6 34. c5 Nb5 35. Rxd8 Rxd8 36. Rd1 Rxd1+ 37. Nxd1 Nd4 38. Ne3 Kg7 39. e5 Kf8 40. Kg1 Ke7 41. Kf2 Bb3 42. Bh3 Be6 43. Bf1 Bb3 44. Bh3 Be6 45. Bf1 Bb3 1/2-1/2